[Event "Autumn"]
[Site "Venice ITA"]
[Date "2003.11.02"]
[Round "5"]
[White "Groszpeter,A"]
[Black "Jurkovic,A"]
[Result "1-0"]
[WhiteElo "2497"]
[BlackElo "2317"]

1.e4 d6 2.d4 Nf6 3.Nc3 Nbd7 4.Nf3 e5 5.Bc4 Be7 6.O-O O-O 7.Re1 c6 8.a4 a5
9.h3 h6 10.Ba2 Re8 11.Be3 Qc7 12.Nh4 Nf8 13.Qf3 Ne6 14.dxe5 dxe5 15.Nf5 Ng5
16.Bxg5 hxg5 17.Rad1 Rf8 18.Rd3 g6 19.Nxe7+ Qxe7 20.Red1 Kg7 21.Qe3 Nh5 22.Rd6 Nf4
23.Ne2 Rh8 24.Nxf4 gxf4 25.Qc3 Qg5 26.Kf1 Ra6 27.Bc4 Rb6 28.Qxa5 f3 29.gxf3 Rxb2
30.Qc3 Rxh3 31.Qxb2 Rxf3 32.Rd8 Qg3 33.Qb6 Qh3+ 34.Ke2  1-0

[Event "Autumn"]
[Site "Venice ITA"]
[Date "2003.11.02"]
[Round "5"]
[White "Groszpeter,A"]
[Black "Jurkovic,A"]
[Result "1-0"]
[WhiteElo "2497"]
[BlackElo "2317"]

1.e4 d6 2.d4 Nf6 3.Nc3 Nbd7 4.Nf3 e5 5.Bc4 Be7 6.O-O O-O 7.Re1 c6 8.a4 a5
9.h3 h6 10.Ba2 Re8 11.Be3 Qc7 12.Nh4 Nf8 13.Qf3 Ne6 14.dxe5 dxe5 15.Nf5 Ng5
16.Bxg5 hxg5 17.Rad1 Rf8 18.Rd3 g6 19.Nxe7+ Qxe7 20.Red1 Kg7 21.Qe3 Nh5 22.Rd6 Nf4
23.Ne2 Rh8 24.Nxf4 gxf4 25.Qc3 Qg5 26.Kf1 Ra6 27.Bc4 Rb6 28.Qxa5 f3 29.gxf3 Rxb2
30.Qc3 Rxh3 31.Qxb2 Rxf3 32.Rd7 Qg3 33.Qb6 Qh3+ 34.Ke2 Bxd7 35.Rxd7 Rf6 36.Rd3 Qg4+
37.f3 Qg2+ 38.Qf2 Qh1 39.Qg3 Qa1 40.Bb3 Rf4 41.Qe1 Qa3 42.Bxf7 Qxa4 43.Bb3  1-0

[Event "FSGM November"]
[Site "Budapest HUN"]
[Date "2003.11.04"]
[Round "4"]
[White "Wittmann,W"]
[Black "Ionescu,M"]
[Result "1/2-1/2"]
[WhiteElo "2333"]
[BlackElo "2366"]

1.e4 d6 2.d4 Nf6 3.Nc3 e5 4.dxe5 dxe5 5.Qxd8+ Kxd8 6.Bc4 Be6 7.Bxe6 fxe6
8.Be3 Bd6 9.f3 Ke7 10.Nh3 a6 11.Nf2 Nc6 12.Nd3 Nb4 13.O-O-O Nxd3+ 14.Rxd3 h6
15.h4 Nh5 16.Ne2 Nf4 17.Nxf4 exf4 18.Bd4 e5 19.Bf2 g5 20.Rdd1 Rag8 21.hxg5 hxg5
22.Kd2 Ke6 23.Ke2 b5 24.g4 fxg3 25.Bxg3 g4 26.fxg4 Rxh1 27.Rxh1 Rxg4 28.Rh6+ Kd7
29.Kf3 Rg8 30.Rh7+ Ke6 31.Rh6+ Kd7  1/2-1/2

[Event "80th NY Masters"]
[Site "New York USA"]
[Date "2003.11.04"]
[Round "3"]
[White "Bonin,J"]
[Black "Hoffmann,As"]
[Result "1/2-1/2"]
[WhiteElo "2339"]
[BlackElo "2307"]

1.d4 d6 2.e4 Nf6 3.Nc3 c6 4.f4 Qa5 5.e5 Ne4 6.Qf3 d5 7.Bd3 Nxc3 8.Bd2 e6
9.Bxc3 Bb4 10.Ne2 g6 11.g4 Bd7 12.f5 Bxc3+ 13.bxc3 Na6 14.fxg6 fxg6 15.Qf6 Rf8
16.Qh4 Rf7 17.Rf1 Qd8 18.Rf6 Qe7 19.Bxa6 bxa6 20.Rb1 O-O-O 21.Qg3 c5 22.c4 Bc6
23.Qa3 Rxf6 24.exf6 Qxf6 25.Qxc5 Kd7 26.Qxa7+ Ke8 27.Qxa6 Bd7 28.Qd6 dxc4
29.Qf4 Qe7 30.Nc3 Bc6 31.g5 Bd5 32.Rb6 Qa7 33.Nxd5 Qa5+ 34.c3 Qxd5 35.Kf2 Ra8
36.Kg3 Qf5 37.Qxf5 exf5 38.Rb4 Rxa2 39.Rxc4 Kd7 40.h4 Re2 41.Ra4 Re3+ 42.Kf4 Re4+
43.Kg3 Re3+ 44.Kg2 Rxc3 45.Ra7+ Ke6 46.Rxh7 f4 47.h5 gxh5 48.g6 Rg3+ 49.Kf2  1/2-1/2

[Event "1st Chesspangenberg Open"]
[Site "Buenos Aires ARG"]
[Date "2003.11.05"]
[Round "2"]
[White "Godoy,C"]
[Black "Tempone,M"]
[Result "0-1"]
[WhiteElo "2212"]
[BlackElo "2438"]

1.e4 d6 2.d4 Nf6 3.Nc3 Nbd7 4.Nf3 e5 5.Bc4 Be7 6.O-O O-O 7.dxe5 dxe5 8.Qe2 c6
9.Rd1 Qc7 10.a4 Ne8 11.Bg5 Nc5 12.Qe3 Bg4 13.Rd2 Bxf3 14.Bxe7 Qxe7 15.Qxf3 Nf6
16.Rad1 Rad8 17.Qe3 b6 18.h3 Rxd2 19.Rxd2 Rd8 20.Rxd8+ Qxd8 21.b4 Ncd7 22.b5 Qc7
23.bxc6 Qxc6 24.Bb5 Qd6 25.Bxd7 Qxd7 26.Qg5 Qd6 27.Qf5 g6 28.Qc8+ Kg7 29.Qc4 Qd2
30.Nb5 Qe1+  0-1

[Event "ch-UKR"]
[Site "Simferopol UKR"]
[Date "2003.11.06"]
[Round "3"]
[White "Ljahovetsky,I"]
[Black "Garifulin,A"]
[Result "0-1"]
[WhiteElo "2098"]
[BlackElo "2261"]

1.e4 d6 2.d4 Nf6 3.Nc3 c6 4.h4 Nbd7 5.f3 e5 6.Be3 Be7 7.h5 Qc7 8.Qd2 b5 9.a3 a6
10.g4 h6 11.Nge2 Nb6 12.Ng3 Be6 13.dxe5 dxe5 14.Qf2 Nbd7 15.Nf5 Bxf5 16.gxf5 Nh7
17.Rg1 Bg5 18.Bd3 f6 19.Bc5 Kf7 20.Kf1 Nhf8 21.Kg2 Nxc5 22.Qxc5 Nd7 23.Qf2 Rhd8
24.Rgd1 Kf8 25.Be2 Qb6 26.Qxb6 Nxb6 27.Kf2 Rd4 28.Bd3 Rad8 29.Ne2 R4d6 30.b3 Nd7
31.c4 Nc5 32.Bc2 Rd2 33.cxb5 cxb5 34.b4 Ke7 35.Rac1 Rxd1 36.Rxd1 Rxd1 37.Bxd1 Nd3+
38.Kf1 Bd2 39.Bb3 Kd6 40.Bd5 Kc7 41.Bb3 Kb6 42.Bd5 Nb2 43.Bb3 Nc4 44.Bxc4 bxc4
45.f4 c3 46.fxe5 fxe5 47.a4 c2 48.b5 axb5 49.axb5 c1=Q+ 50.Nxc1 Bxc1  0-1

[Event "7th BayEM"]
[Site "Bad Wiessee GER"]
[Date "2003.11.08"]
[Round "1"]
[White "Zieger,M"]
[Black "Deglmann,L"]
[Result "0-1"]
[WhiteElo "2025"]
[BlackElo "2263"]

1.e4 d6 2.d4 Nf6 3.Nc3 e5 4.dxe5 dxe5 5.Qxd8+ Kxd8 6.Bg5 Bd6 7.Bc4 Be6 8.Bxe6 fxe6
9.O-O-O Ke7 10.Nge2 Nd7 11.f3 a6 12.g4 b5 13.Be3 Rhf8 14.Rdf1 Bc5 15.Bxc5+ Nxc5
16.Ng3 Nfd7 17.g5 Nb6 18.Nce2 Nc4 19.f4 exf4 20.Nxf4 Ne5 21.b4 Rxf4 22.bxc5 Rxf1+
23.Rxf1 Rf8 24.Rxf8 Kxf8 25.Kb2 Nf3 26.Kb3 g6 27.Kb4 Ke7 28.c4 bxc4 29.Kxc4 Kd7
30.Kb4 Kc6 31.Ka5 Kb7 32.a4 Nxg5 33.c6+ Ka7 34.e5 Nf3 35.Ne4 Nxe5 36.Ng5 Nxc6+  0-1

[Event "1st Chesspangenberg Open"]
[Site "Buenos Aires ARG"]
[Date "2003.11.08"]
[Round "5"]
[White "Hase,J"]
[Black "Torres,S"]
[Result "1-0"]
[WhiteElo "2356"]
[BlackElo "2177"]

1.d4 d6 2.e4 Nf6 3.Nc3 Nbd7 4.Nf3 c6 5.a4 e5 6.Be2 Be7 7.O-O O-O 8.a5 exd4
9.Nxd4 Nc5 10.Bf3 Na6 11.Re1 Bd7 12.Bf4 Ne8 13.Qd2 h6 14.Be2 Nc5 15.Be3 Nf6
16.f3 b5 17.axb6 axb6 18.b4 Nb7 19.b5 c5 20.Nc6 Bxc6 21.bxc6 Na5 22.Nd5 Nxc6
23.Rxa8 Qxa8 24.Nxe7+ Nxe7 25.Qxd6 Nc6 26.Bxh6 Nd4 27.Bf1 Qa5 28.Rb1 Qc3
29.Bg5 Qxc2 30.Qxb6 Nd7 31.Qb2 Qxb2 32.Rxb2 Rc8 33.Be3 Ne5 34.h3 Ra8 35.f4 Ng6
36.Bc4 Re8 37.e5 Nf5 38.Kf2 Nxe3 39.Kxe3 Re7 40.Rb8+ Kh7 41.Rc8 f6 42.e6 Nh4
43.g4 g5 44.f5 Ra7 45.Ke4 Ng2 46.Rxc5 Ra1 47.Rc7+ Kh6 48.e7 Nf4 49.Bf7 Re1+
50.Kf3 Nd5 51.Bxd5 Rxe7 52.Rc8 Ra7 53.Ra8 Rc7 54.Rg8 Rc5 55.Rg6+ Kh7 56.Be4 Rc3+
57.Kg2 Rc4 58.Bf3  1-0

[Event "1st Chesspangenberg Open"]
[Site "Buenos Aires ARG"]
[Date "2003.11.08"]
[Round "5"]
[White "Sorin,A"]
[Black "Felgaer,R"]
[Result "0-1"]
[WhiteElo "2512"]
[BlackElo "2554"]

1.d4 d6 2.Nc3 Nf6 3.e4 c6 4.g3 Nbd7 5.Bg2 e5 6.Nge2 b5 7.O-O Be7 8.h3 a5
9.Be3 O-O 10.a3 Ba6 11.b4 Qc7 12.f4 Nb6 13.g4 Nc4 14.Bf2 Rfe8 15.Kh1 Bb7
16.Qd3 Rad8 17.bxa5 Qxa5 18.a4 Nb2 19.Qg3 b4 20.Nd1 Nc4 21.Nc1 Nd2 22.Re1 c5
23.d5 Ndxe4 24.Rxe4 Nxe4 25.Bxe4 exf4 26.Qxf4 Bf6 27.Rb1 Qa8 28.Ne3 Bd4 29.Kg1 Bxe3
30.Bxe3 Bxd5 31.Bd3 c4 32.Bf1 Re4 33.Qf2 Rde8 34.Bf4 Qxa4 35.Bxd6 b3 36.cxb3 cxb3
37.Qc5 Bc4 38.Nd3 Qa2 39.Rd1 Bxd3 40.Bxd3 Re1+ 41.Rxe1 Rxe1+ 42.Bf1 Qa6  0-1

[Event "TCh-AUT B Mitte 2003-4"]
[Site "St Veit AUT"]
[Date "2003.11.08"]
[Round "1"]
[White "Reschun,S"]
[Black "Stuhlik,M"]
[Result "0-1"]
[WhiteElo "2259"]
[BlackElo "2277"]

1.e4 d6 2.d4 Nf6 3.Nc3 c6 4.f4 Qa5 5.Bd3 e5 6.Nf3 Bg4 7.dxe5 dxe5 8.h3 Bxf3
9.Qxf3 Nbd7 10.Bd2 exf4 11.Nd5 Qd8 12.Nxf4 Bd6 13.O-O-O Qc7 14.g4 h6 15.Rhf1 O-O-O
16.Ng2 Kb8 17.Ne3 Ne5 18.Qe2 Nfd7 19.Bc3 Rhe8 20.Bc4 Nf6 21.Bb3 Nxe4 22.Bxe5 Bxe5
23.Rxf7 Bxb2+ 24.Kxb2 Qe5+ 25.Ka3 Nc3 26.Rxd8+ Rxd8 27.Qf2 Nb1+ 28.Kb4  0-1

[Event "TCh-AUT B Mitte 2003-4"]
[Site "St Veit AUT"]
[Date "2003.11.09"]
[Round "2"]
[White "Reschun,S"]
[Black "Moser,E"]
[Result "0-1"]
[WhiteElo "2259"]
[BlackElo "2339"]

1.e4 d6 2.d4 Nf6 3.Nc3 Nbd7 4.f4 e5 5.Nf3 exd4 6.Qxd4 c6 7.a4 d5 8.e5 Bc5
9.Qd3 Ng4 10.Nd1 O-O 11.Ng5 g6 12.Be2 Ngxe5 13.fxe5 Nxe5 14.Qg3 Qe7 15.Bf4 Nc4
16.Kf1 f6 17.Nh3 Re8 18.Bxc4 dxc4 19.Nc3 Bf5 20.Rc1 Rad8 21.Ng1 b5 22.axb5 cxb5
23.h4 a6 24.Nd1 Bxc2 25.Ne3 Bd3+ 26.Kf2 Rd4 27.Re1 Re4 28.Rh3 a5 29.Qf3 a4
30.Ne2  0-1

[Event "7th BayEM"]
[Site "Bad Wiessee GER"]
[Date "2003.11.10"]
[Round "3"]
[White "Bromberger,S"]
[Black "Wunderer,E"]
[Result "1-0"]
[WhiteElo "2448"]
[BlackElo "2201"]

1.e4 d6 2.d4 Nf6 3.Nc3 c6 4.f4 Qa5 5.Bd3 e5 6.dxe5 dxe5 7.Nf3 Bg4 8.fxe5 Nfd7
9.Bf4 Nxe5 10.Bxe5 Bxf3 11.Qxf3 Qxe5 12.Bc4 f6 13.O-O-O Bb4 14.Qd3 Be7 15.Rhf1 g6
16.Ne2 b5 17.Bb3 a5 18.Nd4 Ra7 19.Qh3 Rd7 20.Nf3 Qf4+ 21.Kb1 a4 22.Be6 Rxd1+
23.Rxd1 Kf8 24.Nd4 Bc5 25.g3 Qe3 26.Nf5 gxf5 27.Qh5  1-0

[Event "ch-UKR"]
[Site "Simferopol UKR"]
[Date "2003.11.10"]
[Round "7"]
[White "Kladko,R"]
[Black "Garifulin,A"]
[Result "0-1"]
[WhiteElo "2178"]
[BlackElo "2261"]

1.e4 d6 2.d4 Nf6 3.Nc3 c6 4.Be2 Nbd7 5.Nf3 e5 6.O-O Qc7 7.Bg5 Be7 8.Qd2 h6
9.Be3 Ng4 10.h3 Nxe3 11.Qxe3 O-O 12.Bc4 b5 13.Bb3 a6 14.a4 b4 15.Ne2 Bf6
16.d5 c5 17.a5 Kh7 18.Bc4 g6 19.g4 Bg7 20.Ng3 Qd8 21.Kh2 Qf6 22.Ne2 Qe7 23.Ng3 Nf6
24.Qe2 Nxg4+ 25.hxg4 Bxg4 26.Bd3 Kh8 27.b3 f5 28.Rg1 fxe4 29.Bxe4 Rf4 30.Rad1 Raf8
31.Rd3 Qd7 32.Nf1 Bh5 33.Rg3 g5 34.Kg1 g4 35.N3h2 Rxf2 36.Qd1 R2f4 37.Rde3 Bf6
38.Rg2 Bg5 39.Qd3 Qa7 40.Kh1 Be8 41.Qe2 h5 42.Bd3 Qb7 43.Bc4 Qc7 44.Qd1 Bg6
45.Ng3 Rd4 46.Rd3 Rdf4 47.Re3 Bh4 48.Qe2 Qxa5 49.Bd3 Be8 50.Ne4 Qa1+ 51.Rg1 Qd4
52.Nxg4 Rxg4 53.Rxg4 hxg4 54.Qxg4 Qxe3 55.Qxh4+ Kg7 56.Ng5 Rh8 57.Nh7 Qh6
58.Qxh6+ Kxh6 59.Nf6 Kg7+  0-1

[Event "TCh-SWE 2003-4"]
[Site "Malmo SWE"]
[Date "2003.11.11"]
[Round "3"]
[White "Carlsson,P"]
[Black "Ikonic,B"]
[Result "1/2-1/2"]
[WhiteElo "2360"]
[BlackElo "2295"]

1.e4 d6 2.d4 Nf6 3.Nc3 e5 4.Nf3 Nc6 5.Bb5 Bd7 6.O-O exd4 7.Nxd4 Be7 8.Bxc6 bxc6
9.Qf3 O-O 10.e5 dxe5 11.Nxc6 Bxc6 12.Qxc6 Qd7 13.Qc4 h6 14.Be3 c6 15.Rad1 Qb7
16.b3 Rfd8 17.Bc5 Bxc5 18.Qxc5 Nd5 19.Rd3 Qb6 20.Qxb6 Nxb6 21.Rfd1 Rxd3 22.Rxd3 Kf8
23.Ne4 Ke7 24.Nd6 g6 25.Nb7 Rc8 26.Nc5 Rd8 27.Rxd8 Kxd8 28.c4 Ke7 29.f3 f5
30.Kf2 Nd7 31.Nxd7 Kxd7 32.b4 c5 33.a3 Kc6 34.Ke3 Kb6 35.Kd3 h5 36.Kc3  1/2-1/2

[Event "7th BayEM"]
[Site "Bad Wiessee GER"]
[Date "2003.11.12"]
[Round "5"]
[White "Hamm,S"]
[Black "Graul,M"]
[Result "1/2-1/2"]
[WhiteElo "2300"]
[BlackElo "2085"]

1.e4 d6 2.d4 Nf6 3.Nc3 c6 4.Bd3 e5 5.Nge2 Be7 6.f3 Qb6 7.Be3 Qxb2 8.a4 Qb6
9.a5 Qc7 10.Qd2 Nbd7 11.g4 h6 12.Kf2 Nf8 13.Ng3 Bxg4 14.dxe5 dxe5 15.fxg4 Nxg4+  1/2-1/2

[Event "ch-UKR"]
[Site "Simferopol UKR"]
[Date "2003.11.12"]
[Round "9"]
[White "Pavlov,Ma"]
[Black "Garifulin,A"]
[Result "1-0"]
[WhiteElo "2443"]
[BlackElo "2261"]

1.e4 d6 2.d4 Nf6 3.Nc3 c6 4.f4 Qa5 5.Bd3 e5 6.Nf3 Bg4 7.Be3 d5 8.Bd2 exd4
9.Nxd5 Qd8 10.Nxf6+ Qxf6 11.h3 Bxf3 12.Qxf3 Nd7 13.O-O O-O-O 14.b4 g6 15.a4 Bh6
16.b5 c5 17.Ba5 Nb6 18.Bxb6 Qxb6 19.a5 Qe6 20.a6 b6 21.e5 Rd5 22.Rae1 Rhd8
23.f5 Qd7 24.e6 Qd6 25.e7 Re8 26.Bc4  1-0

[Event "ch-IND A Women"]
[Site "Calicut IND"]
[Date "2003.11.13"]
[Round "7"]
[White "Thipsay,B"]
[Black "Vijayalakshmi,S"]
[Result "0-1"]
[WhiteElo "2249"]
[BlackElo "2426"]

1.e4 d6 2.d4 Nf6 3.Nc3 e5 4.Nf3 Nbd7 5.Bc4 Be7 6.O-O O-O 7.Re1 c6 8.a4 b6
9.h3 a6 10.b3 Bb7 11.Bb2 Qc7 12.Bd3 Rfe8 13.Ne2 Bf8 14.Ng3 Rad8 15.Qd2 g6
16.Rad1 Bg7 17.Qc1 Nf8 18.dxe5 dxe5 19.Bc4 Rxd1 20.Rxd1 b5 21.Bf1 N6d7 22.Qd2 bxa4
23.bxa4 Nc5 24.Qb4 Nfd7 25.a5 Bf8 26.Qd2 Nf6 27.Qe1 Nfd7 28.Bc4 Bh6 29.h4 Ne6
30.h5 c5 31.hxg6 hxg6 32.Bc3 Nd4 33.Qf1 Qc8 34.Ne1 Kg7 35.Rb1 Rh8 36.Nd3 Ba8
37.Qd1 Bg5 38.Qg4 Bf6 39.Nf5+ Nxf5 40.exf5 Rh4  0-1

[Event "7th BayEM"]
[Site "Bad Wiessee GER"]
[Date "2003.11.14"]
[Round "7"]
[White "Galdunts,S"]
[Black "Fridman,D2"]
[Result "1/2-1/2"]
[WhiteElo "2496"]
[BlackElo "2592"]

1.e4 d6 2.d4 Nf6 3.Nc3 e5 4.Nf3 Nbd7 5.Bc4 Be7 6.O-O O-O 7.Re1 c6 8.a4 Qc7
9.a5 Rb8 10.d5 b5 11.axb6 Nxb6 12.Bb3 cxd5 13.exd5 a6 14.Na4 Nc4 15.Qd3 Rb4
16.Nc3 Na5 17.Ra4 Rxa4 18.Bxa4 Nc4 19.Bc6 Na5 20.Ba4 Nc4  1/2-1/2

[Event "ch-IND A Women"]
[Site "Calicut IND"]
[Date "2003.11.17"]
[Round "13"]
[White "Ramaswamy,A"]
[Black "Koneru,H"]
[Result "0-1"]
[WhiteElo "2322"]
[BlackElo "2485"]

1.e4 d6 2.d4 Nf6 3.Nc3 c6 4.Bd3 e5 5.Nf3 Qc7 6.O-O Be7 7.h3 O-O 8.a4 a5 9.Re1 Nbd7
10.Bg5 h6 11.Bh4 Qb6 12.dxe5 dxe5 13.Qc1 Bc5 14.Nd1 Nh5 15.Ne3 Re8 16.Kh2 Nf8
17.Bc4 Ng6 18.Bg3 Qd8 19.Nf5 Qf6 20.Ne3 Nhf4 21.Ng1 h5 22.Kh1 h4 23.Bh2 Qg5
24.Nf3 Qh5 25.Ng1 Rd8 26.Rd1 Rd4 27.Rxd4 exd4 28.Ng4 Bd6 29.e5 Bxe5 30.Nxe5 Qxe5
31.Ne2 Nxe2 32.Bxe5 Nxc1 33.Bxd4 Be6 34.Bf1 Rd8 35.Be3 Na2 36.c3 f5 37.Be2 f4
38.Bd4 Nb4 39.Bb6 Rd2 40.Bh5 Nd5 41.Bxa5 Nde7 42.b4 Rxf2 43.Bb6 Rc2 44.Bd4 Bd5
45.Rg1 Nf8 46.Bg4 Kf7 47.a5 Be4 48.Be5 Nfg6 49.Bd6 Nf5  0-1

[Event "Friendship IM"]
[Site "Cartak CZE"]
[Date "2003.11.18"]
[Round "9"]
[White "De Roda Husman,J"]
[Black "Hasangatin,R"]
[Result "0-1"]
[WhiteElo "2272"]
[BlackElo "2501"]

1.e4 d6 2.d4 Nf6 3.Nc3 e5 4.Nf3 Nbd7 5.Bc4 Be7 6.O-O O-O 7.Re1 c6 8.a4 b6
9.Ba2 a6 10.Qe2 Rb8 11.Rd1 Qc7 12.h3 b5 13.axb5 axb5 14.d5 b4 15.dxc6 bxc3
16.cxd7 Bxd7 17.bxc3 Qxc3 18.Bg5 Rb2 19.Bxf6 Bxf6 20.Bd5 Rxc2 21.Qe1 Bxh3
22.Qxc3 Rxc3 23.Ra6 Bg4 24.Rxd6 Bxf3 25.gxf3 Rxf3 26.Kg2 Rf4 27.Rb1 Rg4+
28.Kf3 h5 29.Rd7 Bh4 30.Ke3 Rf4 31.f3 g6 32.Rb6 Kg7 33.Re6 Bg5 34.Rb6 h4
35.Be6 Rf6+  0-1

[Event "13th WSen"]
[Site "Bad Zwischenahn GER"]
[Date "2003.11.19"]
[Round "3"]
[White "Kanko,I"]
[Black "Werl,W"]
[Result "1-0"]
[WhiteElo "2275"]
[BlackElo "2088"]

1.d4 d6 2.e4 Nf6 3.Nc3 e5 4.Nf3 Bg4 5.dxe5 Bxf3 6.Qxf3 dxe5 7.Bg5 Nbd7 8.O-O-O c6
9.Bc4 Qc7 10.Rd2 Bb4 11.Rhd1 O-O 12.Qf5 Rad8 13.f4 Bxc3 14.bxc3 g6 15.Rxd7 gxf5
16.Rxc7 Rxd1+ 17.Kxd1 Ng4 18.fxe5 Nxe5 19.Bb3 fxe4 20.Rxb7 Kg7 21.Re7 Ng4
22.h3 Nh2 23.Ke2  1-0

[Event "TCh-ESP Final"]
[Site "Sanxenxo ESP"]
[Date "2003.11.19"]
[Round "3"]
[White "Sion Castro,M"]
[Black "Izeta,F"]
[Result "1/2-1/2"]
[WhiteElo "2390"]
[BlackElo "2463"]

1.e4 d6 2.d4 Nf6 3.Nc3 Nbd7 4.Nf3 e5 5.Bc4 Be7 6.O-O O-O 7.Re1 c6 8.a4 b6
9.d5 cxd5 10.Nxd5 Bb7 11.b3 Rc8 12.Ba3 Nxd5 13.Bxd5 Bxd5 14.Qxd5 Rxc2 15.Bxd6 Bxd6
16.Qxd6 Nc5 17.Qc6 Qc8 18.Qb5 Qe6 19.b4 Rb2 20.a5 f6 21.axb6 axb6 22.Re2 Rb3
23.Nd2 Rb2 24.Nf1 Rxe2 25.Qxe2 Nb3 26.Ra7 Nd4 27.Qa6 Qc6 28.Qb7 Qxb7 29.Rxb7 Rc8
30.g3 b5 31.Ne3 Rc1+ 32.Kg2 Rb1 33.Nf5 Nxf5 34.exf5 Rxb4 35.Rb8+ Kf7 36.Rb7+ Kf8
37.Rb8+ Ke7 38.Rb7+ Kf8 39.Rb8+ Ke7 40.Rb7+ Kd6 41.Rxg7 e4 42.Rxh7 Rb2 43.Kf1 Ke5
44.h4 Kxf5 45.Rg7 b4 46.h5 e3 47.fxe3 b3 48.h6 Rh2 49.Kg1 Rxh6 50.Rb7 Ke4
51.Rxb3 Kf3 52.e4+ Kxe4  1/2-1/2

[Event "Open Bali A"]
[Site "Benidorm ESP"]
[Date "2003.11.21"]
[Round "1"]
[White "Martin Perez,J"]
[Black "Milla de Marco,C"]
[Result "1-0"]
[WhiteElo "2255"]
[BlackElo "2123"]

1.e4 d6 2.d4 Nf6 3.Nc3 e5 4.dxe5 dxe5 5.Qxd8+ Kxd8 6.Bg5 Be6 7.O-O-O+ Nd7
8.f4 exf4 9.Nf3 h6 10.Bxf6+ gxf6 11.Nd5 Bxd5 12.Rxd5 c6 13.Rf5 Bd6 14.Nh4 b5
15.Be2 Kc7 16.Rd1 Rae8 17.Bf3 Re6 18.Rh5 Nc5 19.Nf5 Bf8 20.Re1 Re5 21.Rh4 Ne6
22.c3 a6 23.Kc2 a5 24.Rd1 b4 25.Rd3 Rh7 26.Rd1 Rh8 27.Nd4 Bd6 28.Re1 Rh7
29.Bg4 Ng5 30.Bf5 Rg7 31.Rxh6 Ne6 32.Re2 Bc5 33.Nf3 Ng5 34.Nxe5 fxe5 35.h4 f3
36.gxf3 Nxf3 37.h5 Nh4 38.Rh7 Nxf5 39.Rxg7 Nxg7 40.h6  1-0

[Event "Open Bali A"]
[Site "Benidorm ESP"]
[Date "2003.11.21"]
[Round "1"]
[White "De la Cruz Sanchez,G"]
[Black "Fernandez Garcia,Ju"]
[Result "1-0"]
[WhiteElo "2259"]
[BlackElo "2127"]

1.e4 d6 2.d4 Nf6 3.Nc3 c6 4.a4 g6 5.Nf3 Bg7 6.Be2 O-O 7.O-O Nbd7 8.a5 e5
9.dxe5 dxe5 10.Qd6 Re8 11.Bc4 Qe7 12.Qxe7 Rxe7 13.b3 h6 14.Rd1 Re8 15.Ba3 Bf8
16.Bxf8 Nxf8 17.Rd6 Kg7 18.b4 Bg4 19.Rad1 Bxf3 20.gxf3 a6 21.Na4 Rac8 22.Nc5 Rc7
23.Kf1 Ree7 24.Rd8 N8d7 25.Na4 Re8 26.Rxe8 Nxe8 27.Nb6 Nef6 28.Na4 Kf8 29.Ke2 Ke7
30.Ke3 Nh5 31.Rd2 Nf4 32.Rd1 f6 33.Rd2 Rc8 34.Bf1 Rc7 35.Bc4 Ng2+ 36.Ke2 Rc8
37.Kd1 Rh8 38.c3 Nf4 39.Kc2 h5 40.Rd1 h4 41.Kb3 Rh5 42.Ka3 Rg5 43.Kb3 Rg2
44.Nb6 Nb8 45.Nc8+ Kf8 46.Rd8+ Kg7 47.Nd6 Rxh2 48.Rxb8 Rxf2 49.Rxb7+ Kh6
50.Nf7+ Kh5 51.Rb8 Rxf3 52.Bxa6 h3 53.Rh8+ Kg4 54.Bc8+ Kg3 55.Bxh3 Ne2 56.Be6 Nd4+
57.Kc4 Nxe6 58.a6 Rf1 59.a7 Nc7 60.Rc8 Ra1 61.Rxc7 Kf4 62.Nd6 g5 63.Rf7 Ke3
64.Kc5 g4 65.Nc4+  1-0

[Event "TCh-SLO"]
[Site "Celje SLO"]
[Date "2003.11.21"]
[Round "7"]
[White "Srebrnic,M"]
[Black "Supancic,D"]
[Result "0-1"]
[WhiteElo "2224"]
[BlackElo "2377"]

1.e4 d6 2.d4 Nf6 3.Nc3 c6 4.Be3 Qa5 5.Qd2 e5 6.h3 Nbd7 7.Nf3 Be7 8.Bd3 O-O
9.O-O-O b5 10.Kb1 Qc7 11.Ne2 Nb6 12.Ng3 Bd7 13.Rhe1 Rfe8 14.c3 Rad8 15.Ng1 c5
16.f4 b4 17.fxe5 dxe5 18.dxc5 bxc3 19.Qxc3 Na4 20.Qc2 Rb8 21.b3 Qa5 22.Bd2 Qxc5
23.Qxc5 Bxc5 24.N3e2 Bf2 25.Rf1 Bxg1 26.Rxg1 Nc5 27.Bc4 Ncxe4 28.Be3 a5 29.Rgf1 Be6
30.Bxe6 fxe6 31.Ka1 a4 32.bxa4 Ra8 33.Bc1 Rxa4 34.Bb2 Rea8 35.a3 Nd5 36.Rf3 g6
37.h4 R4a5 38.Ng3 Nd6 39.Rc1 e4 40.Rb3 R5a6 41.h5 g5 42.Ka2 e3 43.Ne2 Kf7
44.Nd4 Ra4 45.Nf3 h6 46.Ne5+ Ke7 47.Nc6+ Ke8 48.Nd4  0-1

[Event "Open Bali A"]
[Site "Benidorm ESP"]
[Date "2003.11.22"]
[Round "2"]
[White "Nicolaisen,E"]
[Black "Ginsburg,Nat"]
[Result "0-1"]
[WhiteElo "2020"]
[BlackElo "2118"]

1.e4 d6 2.d4 Nf6 3.Nc3 Nbd7 4.Nf3 e5 5.Bc4 Be7 6.O-O c6 7.a4 O-O 8.Qe2 exd4
9.Nxd4 Ne5 10.Bb3 c5 11.Nf3 Bg4 12.Bf4 Bxf3 13.gxf3 Qc8 14.Nd5 Nxd5 15.Bxd5 Rb8
16.Kh1 Qh3 17.Bg3 Qh5 18.Kg2 Kh8 19.Qe3 g5 20.Ra3 h6 21.Rg1 b6 22.h3 Ng6
23.Rd3 Ne5 24.Ra3 Rbd8 25.Rd1 Bf6 26.Qb3 Bg7 27.Qb5 Ng6 28.Rad3 Be5 29.Bxe5+ dxe5
30.Be6 Nf4+ 31.Kg1 Rxd3 32.Rxd3 Nxe6  0-1

[Event "Open Bali A"]
[Site "Benidorm ESP"]
[Date "2003.11.23"]
[Round "3"]
[White "Remizov,J"]
[Black "Moreno de la Fuente,J"]
[Result "1-0"]
[WhiteElo "2255"]
[BlackElo "2128"]

1.e4 d6 2.d4 Nf6 3.Nc3 e5 4.Nf3 Nbd7 5.Bc4 Be7 6.O-O O-O 7.h3 c6 8.a4 b6
9.Qe2 a6 10.Rd1 Qc7 11.Bb3 Bb7 12.dxe5 dxe5 13.Nh4 b5 14.Nf5 Nc5 15.Bg5 Ne6
16.Bh4 Nf4 17.Qf3 Kh8 18.g3 Ng6 19.Bg5 Ng8 20.h4 h6 21.Be3 Bf6 22.Bc5 Be7
23.Qe3 Nf6 24.f3 Bxc5 25.Qxc5 Nd7 26.Qe3 Nf6 27.Rd6 Ne8 28.Rd2 Rd8 29.Nxh6 Rxd2
30.Qxd2 Nf6 31.Nf5 Bc8 32.Rd1 Bxf5 33.exf5 Ne7 34.Qd3 b4 35.Ne4 Qb6+ 36.Nf2 Ned5
37.Re1 Re8 38.Kg2 Rd8 39.Qe2 Re8 40.Ne4 Nh5 41.Qf2 Qc7 42.Qd2 Nhf6 43.Qg5 Nxe4
44.fxe4 Nf6 45.h5 Ng8 46.Rd1 f6 47.Qd2 Qb6 48.Kf3 Kh7 49.Bf7 Rf8 50.Bg6+ Kh8
51.Qe3 Qc7 52.Qc5 Rd8 53.Rd3 Rxd3+ 54.cxd3 Qd7 55.Ke2 Qd4 56.Qxd4 exd4 57.a5 Ne7
58.Kd2 Kg8 59.Be8 Kf8 60.Bd7 c5 61.Kc2 Ng8 62.Kb3 Ke7 63.Bc8 Kd6 64.Bxa6 Kc6
65.Bc4 Nh6 66.Bd5+ Kd6 67.a6  1-0

[Event "Open Bali A"]
[Site "Benidorm ESP"]
[Date "2003.11.24"]
[Round "5"]
[White "Carretero Ajo,J"]
[Black "Morales,Jul"]
[Result "0-1"]
[WhiteElo "2110"]
[BlackElo "2183"]

1.e4 d6 2.d4 Nf6 3.Nc3 c6 4.f4 Qa5 5.Bd3 e5 6.dxe5 dxe5 7.f5 Nbd7 8.Nf3 Nc5
9.Nxe5 Ncxe4 10.Nc4 Nxc3 11.bxc3 Qxc3+ 12.Bd2 Qd4 13.Qe2+ Be7 14.c3 Qd8 15.O-O O-O
16.Rad1 Re8 17.Qf3 b5 18.Nb2 Qd5 19.Qxd5 Nxd5 20.c4 bxc4 21.Bxc4 Bf6 22.Nd3 Nb6
23.Bb3 Ba6 24.Rf3 c5 25.Nf4 Rad8 26.Nh5 Bd4+ 27.Kh1 Be2 28.Rdf1 c4 29.Bc2 Bxf3
30.Rxf3 Re2  0-1

[Event "Open Bali A"]
[Site "Benidorm ESP"]
[Date "2003.11.25"]
[Round "6"]
[White "Varga,Ma"]
[Black "Fernandez Garcia,Ju"]
[Result "0-1"]
[WhiteElo "2266"]
[BlackElo "2127"]

1.e4 d6 2.d4 Nf6 3.Nc3 c6 4.f4 Qa5 5.Bd3 e5 6.Nf3 Bg4 7.fxe5 dxe5 8.dxe5 Nfd7
9.e6 Bxe6 10.Ng5 Qe5 11.O-O Be7 12.Nxe6 Qxe6 13.Kh1 Ne5 14.Ne2 Bc5 15.Nf4 Qe7
16.Nh5 O-O 17.Ng3 g6 18.Bh6 Re8 19.Qd2 Nbd7 20.Rae1 Rad8 21.Qf4 f6 22.Qh4 Qe6
23.Be2 Bf8 24.Be3 Bg7 25.b3 Re7 26.Bd1 b6 27.Bc1 c5 28.Ne2 Rde8 29.Nf4 Qc6
30.Nd5 Re6 31.Re3 Nf7 32.Rh3 Rxe4 33.Qxh7+ Kf8 34.c4 Re1 35.Rf3 f5 36.Bd2 Rxf1+
37.Rxf1 Nfe5 38.Bh6 Bxh6 39.Qxh6+ Kg8 40.h4 Nf7 41.Qd2 Re4 42.h5 Kg7 43.Bf3 Rh4+
44.Kg1 Rd4 45.Qe3 Nde5 46.Nf4 Nxf3+ 47.Rxf3 Re4 48.Qc3+ Qf6 49.Qxf6+ Kxf6
50.hxg6 Ne5 51.Nd5+ Kxg6 52.Re3 Rxe3 53.Nxe3 Nd3 54.Nd5 f4 55.Kf1 Kf5 56.Ke2 Nc1+
57.Kf3 Nxa2 58.Nxf4 Nc1 59.g4+ Kg5 60.Nh3+ Kg6 61.Nf4+ Kf7 62.g5 Nxb3 63.Kg4 Nd4
64.Kh5 Kg7 65.Nd5 b5 66.cxb5 Nxb5 67.g6 Nd4 68.Nc7 Nf5 69.Ne6+ Kf6 70.Nxc5 Ne7
71.Na6 Nxg6 72.Kg4 Ke5 73.Kf3 Kd4 74.Ke2 Nf4+ 75.Kd2 Kc4 76.Kc2 Nd5 77.Kb2 Kb5
78.Nb8  0-1

[Event "GM"]
[Site "Varazdin CRO"]
[Date "2003.11.25"]
[Round "2"]
[White "Kozakov,M"]
[Black "Georgiev,Vl"]
[Result "1-0"]
[WhiteElo "2457"]
[BlackElo "2596"]

1.e4 d6 2.d4 Nf6 3.Nc3 e5 4.Nf3 Nbd7 5.Bc4 Be7 6.O-O O-O 7.Re1 c6 8.a4 b6
9.Ba2 a6 10.h3 Bb7 11.Nh4 exd4 12.Qxd4 d5 13.exd5 Nxd5 14.Nxd5 Bxh4 15.Nc3 Bf6
16.Qd6 Nc5 17.Bf4 Qc8 18.a5 Qf5 19.axb6 Rad8 20.g4 Qxc2 21.Qxc5 Bd4 22.Re2 Qd3
23.Qf5 Qxh3 24.Bc7 c5 25.Ne4 Rde8 26.Rae1 Kh8 27.Bd6 g6 28.Qf4 f5 29.Qg3 Qh6
30.Bf4 g5 31.Bxg5 Qg6 32.Nd6 Rxe2 33.Rxe2 Qxg5 34.Nxb7 h5 35.Nd6 f4 36.Qf3 hxg4
37.Qh1+ Kg7 38.Bb1 Rh8 39.Qb7+  1-0

[Event "Open Bali A"]
[Site "Benidorm ESP"]
[Date "2003.11.26"]
[Round "7"]
[White "Andersen,A"]
[Black "Milla de Marco,C"]
[Result "1-0"]
[WhiteElo "2192"]
[BlackElo "2123"]

1.e4 d6 2.d4 Nf6 3.Nc3 e5 4.Nf3 Nbd7 5.h3 c6 6.Be3 Qc7 7.a4 a5 8.Bc4 Be7
9.O-O O-O 10.Ng5 h6 11.f4 exf4 12.Nxf7 Rxf7 13.Bxf7+ Kxf7 14.Bxf4 Kg8 15.Kh1 b6
16.Qf3 Ba6 17.Rfe1 Rf8 18.Qe3 Nh5 19.Bh2 Bg5 20.Qg1 Bf4 21.g3 Bd2 22.Reb1 Qd8
23.Qg2 Be3 24.Bg1 Qg5 25.g4 Bxg1 26.Rxg1 Nf4 27.Qg3 Ne2 28.Nxe2 Bxe2 29.Kh2 Rf3
30.Qxd6 Qe3 31.Ra3 Rxh3+ 32.Kg2 Bf1+ 33.Rxf1 Qe2+ 34.Kxh3 Qxf1+ 35.Kg3 Qg1+
36.Kf3 Qf1+ 37.Ke3 Qe1+ 38.Kd3 Nf6 39.Qxc6 Kh7 40.e5 Qd1+ 41.Kc4 Qe2+ 42.Kb3 Ne4
43.Ka2 Nd2 44.Rd3 Ne4 45.e6 Nf2 46.Rf3 Ne4 47.Rd3 Nf2 48.e7 Nxd3 49.e8=Q Qd1
50.Qcg6+  1-0